Xây dựng hệ thống sinh đề thi trắc nghiệm tự động
Nghiên cứu ứng dụng phương học máy, xây dựng cơ sở dữ liệu câu hỏi trắc nghiệm, từ đó xây dựng ứng dụng hỗ trợ thống kê kết quả bài làm của học sinh từ đó sinh ra đề thi đề xuất phù hợp với quy định của giáo viên và phù hợp với năng lực của học sinh....
Gespeichert in:
| 1. Verfasser: | |
|---|---|
| Weitere Verfasser: | |
| Format: | Buch |
| Sprache: | Vietnamese |
| Veröffentlicht: |
Đà Nẵng
Trường Đại học sư phạm Đà Nẵng
2017
|
| Schlagworte: | |
| Tags: |
Tag hinzufügen
Keine Tags, Fügen Sie den ersten Tag hinzu!
|
| Thư viện lưu trữ: | Mạng thư viện Đại học Đà Nẵng |
|---|
| LEADER | 01863nam a2200361 4500 | ||
|---|---|---|---|
| 001 | 000024980 | ||
| 003 | 21471 | ||
| 005 | 20170419110429.0 | ||
| 008 | 170411s2017 viesd | ||
| 041 | |a vie | ||
| 082 | 1 | 4 | |a 006.31 |b LÊ-T |
| 100 | 1 | |a Lê Trung Thành | |
| 245 | 1 | |a Xây dựng hệ thống sinh đề thi trắc nghiệm tự động |c Lê Trung Thành ; Huỳnh Công Pháp hướng dẫn. |k Luận văn Thạc sĩ | |
| 260 | |a Đà Nẵng |b Trường Đại học sư phạm Đà Nẵng |c 2017 | ||
| 300 | |a 61 tr., phụ lục 3 tr. |c 29 cm. |e Tóm tắt | ||
| 500 | |a Luận văn thạc sĩ. Chuyên ngành: Hệ thống thông tin. Mã số: 60.48.01.04 | ||
| 520 | 3 | |a Nghiên cứu ứng dụng phương học máy, xây dựng cơ sở dữ liệu câu hỏi trắc nghiệm, từ đó xây dựng ứng dụng hỗ trợ thống kê kết quả bài làm của học sinh từ đó sinh ra đề thi đề xuất phù hợp với quy định của giáo viên và phù hợp với năng lực của học sinh. | |
| 650 | 0 | 4 | |a Tin học ứng dụng |v Luận văn tốt nghiệp |x Thi trắc nghiệm bằng máy |
| 650 | 0 | 4 | |a Phần mềm đề thi |v Luận văn tốt nghiệp |x Thi trắc nghiệm |
| 653 | |a Đề thi trắc nghiệm | ||
| 653 | |a Tự động | ||
| 653 | |a Hệ thống thông tin | ||
| 700 | 1 | |a Huỳnh Công Pháp |c PGS.TS. |e Hướng dẫn | |
| OWN | |a LSP | ||
| AVA | |a UDN50 |b LSP |d 006.31 LÊ-T |e available |t Error 5001 Not defined in file expand_doc_bib_avail. |f 1 |g 0 |h N |i 0 |k 1 | ||
| 999 | |a From the UDN01 | ||
| AVA | |a UDN50 |b LSP |d 006.31 LÊ-T |e available |t Error 5001 Not defined in file expand_doc_bib_avail. |f 1 |g 0 |h N |i 0 |k 1 | ||
| TYP | |a Monograph | ||
| TYP | |a Printed language | ||
| 980 | |a Mạng thư viện Đại học Đà Nẵng | ||